| 000 | 05838namaa22004451i 4500 | ||
|---|---|---|---|
| 003 | EG-GICUC | ||
| 005 | 20260426134112.0 | ||
| 008 | 260426s2025 ua a|||frm||| 000 0 eng d | ||
| 040 |
_aEG-GICUC _beng _cEG-GICUC _dEG-GICUC _erda |
||
| 041 | 0 |
_aeng _beng _bara |
|
| 049 | _aDeposit | ||
| 082 | 0 | 4 | _a615.19 |
| 092 |
_a615.19 _221 |
||
| 097 | _aPh.D | ||
| 099 | _aCai01.08.06.Ph.D.025.Mo.C | ||
| 100 | 0 |
_aAbdelrahman Magdy Allam, _epreparation. |
|
| 245 | 1 | 2 |
_aA contribution to the validated analyses of some anti-diabetic and cardiovascular drugs that require therapeutic monitoring / _cby Abdelrahman Magdy Allam ; Supervision Prof. Dr. Azza Aziz Mohamed Moustafa, Prof. Dr.Shereen Ahmed Boltia, Prof. Dr. / Sally Saad El-Din El-Mosallamy. |
| 246 | 1 | 5 | _aمساهمة لتحاليل محققة الدقة لبعض أدوية داء السكري والقلب والأوعية الدموية التي تحتاج إلى مراقبة علاجية |
| 264 | 0 | _c2025. | |
| 300 |
_a96 pages : _billustrations ; _c25 cm. + _eCD. |
||
| 336 |
_atext _2rda content |
||
| 337 |
_aUnmediated _2rdamedia |
||
| 338 |
_avolume _2rdacarrier |
||
| 502 | _aThesis (Ph.D)-Cairo University, 2025. | ||
| 504 | _aBibliography: pages 60-61. | ||
| 520 | 3 | _aThis thesis is concerned with the development of various analytical methods for the determination of selected active pharmaceutical ingredients that require therapeutic drug monitoring relevant with a particular focus on applications in point of care testing. The work includes the design of a green solid-state electrochemical sensor for the determination of vildagliptin, a photonic sensor based on a porous silicon platform for the sensitive and selective detection of ticagrelor, and a blue-shifted carbon dots-based fluorimetric probe for the quantification of ticagrelor. The aim of this study is to establish methods that are simple, sensitive, and selective, enabling rapid, on-site analysis of the targeted drugs in pure powder, pharmaceutical preparations, and/or spiked biological matrices. This thesis is divided into four chapters in addition to summaries in English and Arabic: Chapter I: General Introduction and Literature Review. Chapter II: Optimization and Evaluation of Potentiometric Sensing Membranes for Vildagliptin Determination: A Sustainable Approach Incorporating Whiteness and Greenness Assessment Chapter III: Photonic Sensor for Selective Ticagrelor Detection Based on Porous Silicon Fabry- Pérot Interferometer Modified with Molecularly Imprinted Co- polymer Chapter IV: Blue Shifted Carbon Dots-Based Fluorescent Probe for Determination of Ticagrelor: A Dual Method Evaluation via AGREE and BAGI. Chapter V: General Conclusion | |
| 520 | 3 | _aتتناول هذه الرسالة تطوير عدد من الطرق التحليلية لتقدير بعض المواد الدوائية الفعّالة التي تتطلب مراقبة دوائية علاجية، مع تركيز خاص على التطبيقات المرتبطة بالفحص في نقاط الرعاية وتشمل هذه الدراسة تصميم حساس كهروكيميائي صلب صديق للبيئة لتقدير الفيلداغلبتين، وحساس فوتوني يعتمد على منصة السيليكون المسامي للكشف الحساس والانتقائي عن التيكاغريلور، بالإضافة إلى مسبار ذات انبعاث معتمد على النقاط الكربونية زرقاء الإزاحة ويهدف هذا العمل إلى تطوير طرق تحليلية بسيطة وحساسة وانتقائية تمكّن من إجراء التحليل السريع في موقع الاختبار للأدوية المستهدفة سواء في الصورة النقية، أو في المستحضرات الصيدلانية، و/أو في العينات الحيوية المدعمة. وتنقسم هذه الرسالة إلى خمسة فصول بالإضافة إلى ملخصين باللغتين العربية والإنجليزية، وذلك على النحو التالي: الفصل الأول: مقدمة عامة واستعراض للأدبيات العلمية. الفصل الثاني: تحسين وتقييم أغشية الاستشعار الجهدي لتقدير فيلداجليبتين: نهج مستدام يتضمن تقييم الإستدامة والصداقة البيئية. الفصل الثالث: تطوير حساس بصري فوتوني لتقدير تيكاجريلور باستخدام بوليمر مطبوع جزيئيًا على سطح السيليكون المسامي. الفصل الرابع: مسبار ذات انبعاث لصفي معتمد على النقاط الكربونية زرقاء الإزاحة لتقدير التيكاجريلور: تقييم مزدوج باستخدام أداة تقييم الكيمياء التحليلية الخضراء ومؤشر الزرقة. الفصل الخامس: الخلاصة العامة. | |
| 530 | _aIssues also as CD. | ||
| 546 | _aText in English and abstract in Arabic & English. | ||
| 650 | 0 | _aPharmaceutical Anaytical Chemistry | |
| 650 | 0 | _aالكيمياء التحليلية الصيدلية | |
| 653 | 1 |
_aTicagrelor _aVildagliptin _aIon selective electrode _aPhotonic optical sensor _aCarbon quantum dots _aتيكاجريلور _aفيلداجليبتين |
|
| 700 | 0 |
_aAzza Aziz Mohamed Moustafa _ethesis advisor. |
|
| 700 | 0 |
_aShereen Ahmed Boltia _ethesis advisor. |
|
| 700 | 0 |
_aSally Saad El-Din El-Mosallamy _ethesis advisor. |
|
| 900 |
_b01-01-2025 _cAzza Aziz Mohamed Moustafa _cShereen Ahmed Boltia _cSally Saad El-Din El-Mosallamy _UCairo University _F Faculty of Pharmacy _DDepartment of Pharmaceutical Anaytical Chemistry |
||
| 905 | _aShimaa | ||
| 942 |
_2ddc _cTH _e21 _n0 |
||
| 999 | _c179737 | ||